| 000 | 00722aam a2200253 4500 | ||
|---|---|---|---|
| 005 | 20190409085854.0 | ||
| 008 | 150319b xxu||||| |||| 00| 0 spa d | ||
| 020 | _a9786071709974 | ||
| 041 | _aspa | ||
| 082 | _a155.452 D814s | ||
| 100 |
_aDubin, Nick _926640 |
||
| 245 | _aEl síndrome de Asperger y la ansiedad | ||
| 260 |
_aMéxico _bTrillas _c2012 |
||
| 300 | _a224 páginas | ||
| 650 |
_aSÍNDROME DE ASPERGER _926641 |
||
| 650 |
_aNIÑOS EXCEPCIONALES _943845 |
||
| 650 |
_aSÍNDROME DE ANSIEDAD _926642 |
||
| 650 |
_aCOLAPSOS EMOCIONALES _926643 |
||
| 650 |
_aPSICOTERAPIA _97852 |
||
| 650 |
_aTERAPIA CONGNITIVA _926644 |
||
| 650 |
_aTERAPIA CONDUCTUAL _926645 |
||
| 650 |
_aPSICOLOGÍA _9229 |
||
| 942 | _cBK | ||
| 999 |
_c4043 _d4043 |
||